000 01280nam a22002657a 4500
999 _c63635
_d63635
005 20240530110651.0
008 171212s2015 su a g b 000 0dara d
017 _a1436/1516
_bالسعودية . مكتبة الملك فهد الوطنية
020 _a9960142337
040 _aEG-CaGPL
_cEG-CaGPL
082 0 4 _221
_a519.52 /
_bد أ
100 1 _aدانييل، جونى
245 1 0 _aاساسيات اختيار العينة فى البحو العلمية :
_bمبادئ توجيهية عملية لاجراء اختيارات العينة البحثية /
_cتاليف جونى دانييل ؛ ترجمة طارق عطية عبدالرحمن ؛ راجع الترجمة محمد بن ابراهيم عقيل
260 _aالرياض :
_bمعهد الادارة العامة ،
_c2015.
300 _a374 ص. :
_bايض ؛
_c24 سم.
504 _aيشتمل على ارجاعات ببليوجرافية
650 0 7 _2qrmak
_aالعينات ( احصاء )
650 0 7 _2qrmak
_aطرق البحث
650 0 7 _2qrmak
_aالطرق الاحصائية
651 _2qrmak
700 0 _aطارق عطية عبدالرحمن
_eمترجم
700 0 _aمحمد بن ابراهيم عقيل
_eمراجع
942 _2ddc
_cBK